[Event "DEM U16 2018"]
[Site "Willingen GER"]
[Date "2018.05.20"]
[Round "1"]
[White "Stork, Oliver"]
[Black "Mantel, Ruben"]
[Result "0-1"]
[Termination "normal"]
[Board "9"]
[WhiteElo "2195"]
[BlackElo "2075"]
[WhiteClock "00:01:24"]
[BlackClock "00:01:32"]
[PlyCount "76"]
[WhiteFideId "12955728"]
[BlackFideId "12930121"]
[EventCountry "GER"]
[EventRounds "9"]
[EventType "swiss"]
[EventDate "2018.05.19"]

1. c4 {[%clk 1:30:57]} 1... c5 {[%clk 1:30:29]} 2. g3 {[%clk 1:31:14]} 2... Nf6
{[%clk 1:30:37]} 3. Bg2 {[%clk 1:31:36]} 3... d5 {[%clk 1:30:58]} 4. cxd5 {
[%clk 1:31:59]} 4... Nxd5 {[%clk 1:31:23]} 5. Nc3 {[%clk 1:32:22]} 5... Nc7 {
[%clk 1:31:33]} 6. Nf3 {[%clk 1:32:26]} 6... Nc6 {[%clk 1:31:13]} 7. O-O {
[%clk 1:32:46]} 7... e5 {[%clk 1:30:07]} 8. a3 {[%clk 1:32:53]} 8... Be7 {
[%clk 1:28:32]} 9. b4 {[%clk 1:32:20]} 9... O-O {[%clk 0:58:34]} 10. bxc5 {
[%clk 1:25:44]} 10... Bxc5 {[%clk 0:57:35]} 11. Bb2 {[%clk 1:25:02]} 11... f5 {
[%clk 0:54:27]} 12. Na4 {[%clk 1:03:36]} 12... Bd6 {[%clk 0:52:40]} 13. d4 {
[%clk 0:57:09]} 13... e4 {[%clk 0:51:21]} 14. Ne5 {[%clk 0:57:25]} 14... Qe7 {
[%clk 0:40:04]} 15. Nxc6 {[%clk 0:46:06]} 15... bxc6 {[%clk 0:40:27]} 16. Qc2 {
[%clk 0:46:21]} 16... Ba6 {[%clk 0:36:51]} 17. Rfe1 {[%clk 0:36:52]} 17... Rab8
{[%clk 0:31:32]} 18. f3 {[%clk 0:33:13]} 18... Nd5 {[%clk 0:17:49]} 19. Nc5 {
[%clk 0:15:18]} 19... Bxc5 {[%clk 0:12:27]} 20. dxc5 {[%clk 0:15:41]} 20... Ne3
{[%clk 0:11:43]} 21. Qc1 {[%clk 0:13:26]} 21... f4 {[%clk 0:07:19]} 22. Bd4 {
[%clk 0:07:09]} 22... Nxg2 {[%clk 0:07:00]} 23. Kxg2 {[%clk 0:06:45]} 23...
Bxe2 {[%clk 0:06:30]} 24. gxf4 {[%clk 0:06:30]} 24... Bxf3+ {[%clk 0:06:24]}
25. Kg3 {[%clk 0:05:35]} 25... Qe6 {[%clk 0:05:54]} 26. Rg1 {[%clk 0:04:19]}
26... Qg4+ {[%clk 0:05:02]} 27. Kf2 {[%clk 0:04:44]} 27... Qh4+ {[%clk 0:05:08]
} 28. Kf1 {[%clk 0:05:09]} 28... Bg4 {[%clk 0:02:30]} 29. Be5 {[%clk 0:03:44]}
29... Qh3+ {[%clk 0:01:53]} 30. Ke1 {[%clk 0:03:58]} 30... Rb3 {[%clk 0:01:26]}
31. Qc4+ {[%clk 0:01:01]} 31... Rf7 {[%clk 0:01:52]} 32. Rxg4 {[%clk 0:00:56]}
32... Re3+ {[%clk 0:01:42]} 33. Kd2 {[%clk 0:01:19]} 33... Rd3+ {[%clk 0:01:46]
} 34. Kc2 {[%clk 0:01:23]} 34... Qxh2+ {[%clk 0:01:04]} 35. Kc1 {[%clk 0:01:46]
} 35... Qd2+ {[%clk 0:01:09]} 36. Kb1 {[%clk 0:02:07]} 36... Qd1+ { [%clk
0:01:27]} 37. Ka2 {[%clk 0:01:49]} 37... Qxg4 {[%clk 0:01:16]} 38. Qxe4 { [%clk
0:01:24]} 38... Qe6+ {[%clk 0:01:32]} 0-1

[Event "DEM U16 2018"]
[Site "Willingen GER"]
[Date "2018.05.20"]
[Round "1"]
[White "Nöldner, Julian"]
[Black "Kuznecovs, Nikita"]
[Result "0-1"]
[Termination "normal"]
[Board "10"]
[WhiteElo "1982"]
[BlackElo "2266"]
[WhiteClock "00:06:14"]
[BlackClock "00:13:27"]
[PlyCount "78"]
[WhiteFideId "16218744"]
[BlackFideId "11604557"]
[EventCountry "GER"]
[EventRounds "9"]
[EventType "swiss"]
[EventDate "2018.05.19"]

1. e4 {[%clk 1:30:51]} 1... g6 {[%clk 1:30:49]} 2. d4 {[%clk 1:31:15]} 2... Bg7
{[%clk 1:31:15]} 3. Nc3 {[%clk 1:30:19]} 3... d6 {[%clk 1:31:40]} 4. f4 { [%clk
1:30:44]} 4... e5 {[%clk 1:31:45]} 5. Be3 {[%clk 1:24:14]} 5... Nc6 { [%clk
1:20:16]} 6. Nf3 {[%clk 1:20:26]} 6... Bg4 {[%clk 1:14:11]} 7. dxe5 { [%clk
1:20:09]} 7... dxe5 {[%clk 1:13:31]} 8. Qxd8+ {[%clk 1:15:51]} 8... Rxd8 {[%clk
1:11:34]} 9. Bb5 {[%clk 1:02:53]} 9... Bxf3 {[%clk 1:01:52]} 10. gxf3 { [%clk
1:02:53]} 10... a6 {[%clk 0:47:50]} 11. Bxc6+ {[%clk 0:56:10]} 11... bxc6
{[%clk 0:48:18]} 12. Ke2 {[%clk 0:56:33]} 12... Rb8 {[%clk 0:47:09]} 13. Rab1 {
[%clk 0:50:45]} 13... Ne7 {[%clk 0:46:49]} 14. Na4 {[%clk 0:48:00]} 14... f5 {
[%clk 0:44:47]} 15. Nc5 {[%clk 0:45:55]} 15... fxe4 {[%clk 0:41:12]} 16. fxe4 {
[%clk 0:45:11]} 16... exf4 {[%clk 0:20:27]} 17. Bxf4 {[%clk 0:44:46]} 17... Rb5
{[%clk 0:09:52]} 18. Ne6 {[%clk 0:40:56]} 18... Be5 {[%clk 0:09:50]} 19. a4 {
[%clk 0:40:34]} 19... Rb4 {[%clk 0:10:12]} 20. c3 {[%clk 0:31:22]} 20... Rxe4+
{[%clk 0:10:36]} 21. Kd3 {[%clk 0:17:44]} 21... Rxf4 {[%clk 0:10:58]} 22. Nxf4
{[%clk 0:18:09]} 22... Bxf4 {[%clk 0:11:23]} 23. Rbe1 {[%clk 0:18:36]} 23...
Kd7 {[%clk 0:11:05]} 24. Ref1 {[%clk 0:16:56]} 24... Bd6 {[%clk 0:10:55]} 25.
Rf7 {[%clk 0:16:57]} 25... Ke6 {[%clk 0:11:20]} 26. Rf2 {[%clk 0:15:30]} 26...
g5 {[%clk 0:10:39]} 27. Rg2 {[%clk 0:12:40]} 27... Rg8 {[%clk 0:10:41]} 28.
Rhg1 {[%clk 0:13:01]} 28... Kf5 {[%clk 0:10:34]} 29. Rf1+ {[%clk 0:11:04]}
29... Bf4 {[%clk 0:10:50]} 30. h4 {[%clk 0:09:19]} 30... Rd8+ {[%clk 0:11:00]}
31. Kc4 {[%clk 0:08:37]} 31... g4 {[%clk 0:10:25]} 32. Kc5 {[%clk 0:06:28]}
32... Rd5+ {[%clk 0:10:46]} 33. Kc4 {[%clk 0:06:51]} 33... Re5 {[%clk 0:11:08]}
34. Kd4 {[%clk 0:05:37]} 34... Nd5 {[%clk 0:11:26]} 35. Rgf2 {[%clk 0:05:17]}
35... c5+ {[%clk 0:11:49]} 36. Kd3 {[%clk 0:05:30]} 36... c4+ {[%clk 0:12:15]}
37. Kxc4 {[%clk 0:05:28]} 37... Ne3+ {[%clk 0:12:40]} 38. Kd3 {[%clk 0:05:52]}
38... Nxf1 {[%clk 0:13:05]} 39. Rxf1 {[%clk 0:06:14]} 39... g3 {[%clk 0:13:27]}
0-1

[Event "DEM U16 2018"]
[Site "Willingen GER"]
[Date "2018.05.20"]
[Round "1"]
[White "Zimmer, Raphael"]
[Black "Köhler, Lukas"]
[Result "1-0"]
[Termination "normal"]
[Board "11"]
[WhiteTitle "FM"]
[WhiteElo "2146"]
[BlackElo "1852"]
[WhiteClock "00:01:01"]
[BlackClock "00:00:32"]
[PlyCount "67"]
[WhiteFideId "12978841"]
[BlackFideId "16221990"]
[EventCountry "GER"]
[EventRounds "9"]
[EventType "swiss"]
[EventDate "2018.05.19"]

1. e4 {[%clk 1:30:57]} 1... c5 {[%clk 1:30:55]} 2. Nf3 {[%clk 1:31:16]} 2... e6
{[%clk 1:31:09]} 3. d4 {[%clk 1:31:13]} 3... cxd4 {[%clk 1:31:32]} 4. Nxd4 {
[%clk 1:31:18]} 4... a6 {[%clk 1:31:43]} 5. c4 {[%clk 1:31:01]} 5... Qc7 {
[%clk 1:31:56]} 6. Nc3 {[%clk 1:17:35]} 6... Nf6 {[%clk 1:30:02]} 7. Be3 {
[%clk 1:12:59]} 7... b6 {[%clk 1:18:44]} 8. a3 {[%clk 1:11:13]} 8... Bb7 {
[%clk 1:18:41]} 9. f3 {[%clk 1:11:18]} 9... d6 {[%clk 1:18:20]} 10. Rc1 { [%clk
1:10:40]} 10... Nbd7 {[%clk 1:17:12]} 11. Qd2 {[%clk 1:10:35]} 11... Be7 {[%clk
1:16:04]} 12. Be2 {[%clk 1:10:28]} 12... O-O {[%clk 1:16:17]} 13. O-O { [%clk
1:10:46]} 13... Rac8 {[%clk 1:16:00]} 14. Rfd1 {[%clk 1:10:56]} 14... Qb8
{[%clk 1:15:44]} 15. b4 {[%clk 1:09:35]} 15... Bd8 {[%clk 1:08:09]} 16. Kh1 {
[%clk 1:07:38]} 16... Ne5 {[%clk 1:07:40]} 17. Na4 {[%clk 0:52:21]} 17... Bc7 {
[%clk 0:47:03]} 18. Qe1 {[%clk 0:43:24]} 18... Qa8 {[%clk 0:28:41]} 19. Qh4 {
[%clk 0:25:44]} 19... Rfe8 {[%clk 0:23:32]} 20. Qh3 {[%clk 0:05:08]} 20... d5 {
[%clk 0:10:03]} 21. exd5 {[%clk 0:04:15]} 21... exd5 {[%clk 0:10:32]} 22. c5 {
[%clk 0:04:15]} 22... b5 {[%clk 0:09:56]} 23. Nc3 {[%clk 0:02:53]} 23... Nc4 {
[%clk 0:08:03]} 24. Bg5 {[%clk 0:02:55]} 24... Be5 {[%clk 0:06:53]} 25. Bxc4 {
[%clk 0:01:39]} 25... dxc4 {[%clk 0:07:11]} 26. Nf5 {[%clk 0:02:00]} 26... Re6
{[%clk 0:05:15]} 27. Bxf6 {[%clk 0:01:42]} 27... Bxf6 {[%clk 0:04:01]} 28. Ne4
{[%clk 0:01:51]} 28... Bxe4 {[%clk 0:03:55]} 29. fxe4 {[%clk 0:02:13]} 29... c3
{[%clk 0:01:55]} 30. Re1 {[%clk 0:01:15]} 30... Rd8 {[%clk 0:00:39]} 31. Qf3 {
[%clk 0:00:44]} 31... Bg5 {[%clk 0:00:34]} 32. Qxc3 {[%clk 0:00:42]} 32... f6 {
[%clk 0:00:35]} 33. Qb3 {[%clk 0:00:41]} 33... Qc8 {[%clk 0:00:32]} 34. Ne7+ {
[%clk 0:01:01]} 1-0

[Event "DEM U16 2018"]
[Site "Willingen GER"]
[Date "2018.05.20"]
[Round "1"]
[White "Recktenwald, Cedric"]
[Black "Wong, Gengchun"]
[Result "0-1"]
[Termination "normal"]
[Board "12"]
[WhiteElo "1826"]
[BlackElo "2120"]
[WhiteClock "00:01:14"]
[BlackClock "00:04:07"]
[PlyCount "182"]
[WhiteFideId "12971928"]
[BlackFideId "12963283"]
[EventCountry "GER"]
[EventRounds "9"]
[EventType "swiss"]
[EventDate "2018.05.19"]

1. e4 {[%clk 1:30:55]} 1... c5 {[%clk 1:30:47]} 2. Nf3 {[%clk 1:31:18]} 2... e6
{[%clk 1:31:14]} 3. b3 {[%clk 1:30:57]} 3... b6 {[%clk 1:31:37]} 4. c4 { [%clk
1:27:07]} 4... Bb7 {[%clk 1:32:01]} 5. Nc3 {[%clk 1:26:20]} 5... Nf6 { [%clk
1:32:02]} 6. e5 {[%clk 1:24:35]} 6... Ne4 {[%clk 1:32:05]} 7. Nxe4 { [%clk
1:22:59]} 7... Bxe4 {[%clk 1:32:29]} 8. d3 {[%clk 1:20:04]} 8... Bb7 { [%clk
1:31:53]} 9. Bb2 {[%clk 1:18:17]} 9... Nc6 {[%clk 1:30:18]} 10. Be2 { [%clk
1:16:54]} 10... Be7 {[%clk 1:29:37]} 11. O-O {[%clk 1:15:24]} 11... d6 { [%clk
1:26:07]} 12. d4 {[%clk 1:01:51]} 12... cxd4 {[%clk 1:13:56]} 13. Nxd4 { [%clk
1:01:15]} 13... Nxe5 {[%clk 0:55:50]} 14. f4 {[%clk 0:59:33]} 14... Nc6 { [%clk
0:55:18]} 15. Bf3 {[%clk 0:57:02]} 15... Qd7 {[%clk 0:42:12]} 16. Nxc6 16...
Bxc6 {[%clk 0:42:36]} 17. Bxg7 {[%clk 0:47:00]} 17... Rg8 {[%clk 0:42:49] } 18.
Bb2 {[%clk 0:40:22]} 18... O-O-O {[%clk 0:39:22]} 19. a4 {[%clk 0:32:47]} 19...
d5 {[%clk 0:30:28]} 20. cxd5 {[%clk 0:18:28]} 20... Bxd5 {[%clk 0:30:19]} 21.
a5 {[%clk 0:11:33]} 21... Bxf3 {[%clk 0:12:35]} 22. Qxf3 {[%clk 0:11:36]} 22...
Qd5 {[%clk 0:12:29]} 23. Rac1+ {[%clk 0:06:11]} 23... Bc5+ { [%clk 0:11:01]}
24. Kh1 {[%clk 0:06:39]} 24... Kb7 {[%clk 0:07:16]} 25. axb6 25... axb6 {[%clk
0:07:40]} 26. g3 {[%clk 0:03:51]} 26... h5 {[%clk 0:06:19]} 27. Be5 {[%clk
0:04:03]} 27... h4 {[%clk 0:01:57]} 28. Kg2 {[%clk 0:02:02]} 28... hxg3 {[%clk
0:01:32]} 29. hxg3 {[%clk 0:02:30]} 29... Qxf3+ { [%clk 0:01:35]} 30. Rxf3
{[%clk 0:02:33]} 30... Rd2+ {[%clk 0:01:35]} 31. Kh3 { [%clk 0:01:53]} 31... f5
{[%clk 0:01:54]} 32. Bf6 {[%clk 0:01:34]} 32... Rf8 { [%clk 0:01:28]} 33. Bg5
{[%clk 0:01:47]} 33... Rh8+ {[%clk 0:01:29]} 34. Bh4 { [%clk 0:02:08]} 34...
Re2 {[%clk 0:00:48]} 35. Rd3 {[%clk 0:02:08]} 35... Ka6 { [%clk 0:01:00]} 36.
Rdc3 {[%clk 0:00:44]} 36... Kb5 {[%clk 0:01:19]} 37. R1c2 { [%clk 0:00:40]}
37... Rxc2 {[%clk 0:00:54]} 38. Rxc2 {[%clk 0:01:09]} 38... Kb4 {[%clk
0:01:11]} 39. Re2 {[%clk 0:01:09]} 39... Re8 {[%clk 0:01:41]} 40. g4 { [%clk
0:01:00]} 40... fxg4+ {[%clk 0:02:05]} 41. Kxg4 {[%clk 0:01:27]} 41... Kxb3
{[%clk 0:02:20]} 42. Bf6 {[%clk 0:01:09]} 42... Kc4 {[%clk 0:00:51]} 43. Kh5
{[%clk 0:19:08]} 43... Kd3 {[%clk 0:29:52]} 44. Re1 {[%clk 0:18:12]} 44... Be3
{[%clk 0:28:52]} 45. Kg6 {[%clk 0:14:52]} 45... Rc8 {[%clk 0:24:44]} 46. f5
{[%clk 0:12:20]} 46... exf5 {[%clk 0:24:38]} 47. Kxf5 {[%clk 0:12:47]} 47... b5
{[%clk 0:22:32]} 48. Rb1 {[%clk 0:10:57]} 48... Rc5+ {[%clk 0:22:36]} 49. Be5 {
[%clk 0:09:28]} 49... Bd2 {[%clk 0:22:08]} 50. Ke6 {[%clk 0:09:04]} 50... Bc3 {
[%clk 0:20:22]} 51. Bd6 {[%clk 0:06:36]} 51... Rh5 {[%clk 0:20:39]} 52. Kd7 {
[%clk 0:06:20]} 52... Kc4 {[%clk 0:20:43]} 53. Kc6 {[%clk 0:06:38]} 53... b4 {
[%clk 0:21:01]} 54. Bxb4 {[%clk 0:06:38]} 54... Bxb4 {[%clk 0:21:23]} 55. Rc1+
{[%clk 0:06:47]} 55... Bc3 {[%clk 0:21:45]} 56. Rd1 {[%clk 0:07:02]} 56... Ra5
{[%clk 0:21:26]} 57. Rb1 {[%clk 0:06:54]} 57... Ra6+ {[%clk 0:21:20]} 58. Rb6 {
[%clk 0:07:12]} 58... Ra1 {[%clk 0:21:43]} 59. Rb7 {[%clk 0:05:48]} 59... Bd4 {
[%clk 0:21:40]} 60. Kd7 {[%clk 0:05:18]} 60... Kd5 {[%clk 0:21:52]} 61. Rb5+ {
[%clk 0:04:16]} 61... Bc5 {[%clk 0:21:57]} 62. Rb2 {[%clk 0:04:00]} 62... Ra7+
{[%clk 0:21:00]} 63. Ke8 {[%clk 0:03:52]} 63... Bd6 {[%clk 0:21:05]} 64. Re2 {
[%clk 0:03:29]} 64... Be5 {[%clk 0:21:21]} 65. Kd8 {[%clk 0:02:14]} 65... Ke6 {
[%clk 0:16:54]} 66. Rc2 {[%clk 0:01:37]} 66... Rb7 {[%clk 0:15:28]} 67. Rc1 {
[%clk 0:00:32]} 67... Rb8+ {[%clk 0:13:41]} 68. Rc8 {[%clk 0:00:51]} 68... Rb4
{[%clk 0:13:43]} 69. Rc2 {[%clk 0:00:42]} 69... Rb1 {[%clk 0:14:03]} 70. Rc4 {
[%clk 0:00:45]} 70... Bd6 {[%clk 0:09:27]} 71. Rc2 {[%clk 0:00:49]} 71... Rg1 {
[%clk 0:08:35]} 72. Kc8 {[%clk 0:01:11]} 72... Rg7 {[%clk 0:08:42]} 73. Rd2 {
[%clk 0:00:59]} 73... Rg8+ {[%clk 0:08:26]} 74. Kb7 {[%clk 0:01:27]} 74... Kd7
{[%clk 0:08:49]} 75. Rc2 {[%clk 0:01:23]} 75... Rb8+ {[%clk 0:09:09]} 76. Ka6 {
[%clk 0:01:23]} 76... Rb3 {[%clk 0:06:52]} 77. Ka5 {[%clk 0:01:18]} 77... Ke6 {
[%clk 0:06:58]} 78. Ka4 {[%clk 0:01:15]} 78... Rb4+ {[%clk 0:07:23]} 79. Ka5 {
[%clk 0:01:42]} 79... Rb1 {[%clk 0:07:46]} 80. Rg2 {[%clk 0:01:16]} 80... Kd5 {
[%clk 0:08:10]} 81. Rg5+ {[%clk 0:00:47]} 81... Kc6 {[%clk 0:08:29]} 82. Ka6 {
[%clk 0:00:34]} 82... Rb2 {[%clk 0:06:58]} 83. Rh5 {[%clk 0:00:52]} 83... Rb8 {
[%clk 0:04:45]} 84. Ka7 {[%clk 0:00:41]} 84... Rb3 {[%clk 0:04:48]} 85. Ka6 {
[%clk 0:00:53]} 85... Rg3 {[%clk 0:04:22]} 86. Rf5 {[%clk 0:01:11]} 86... Rb3 {
[%clk 0:03:23]} 87. Rh5 {[%clk 0:01:36]} 87... Rf3 {[%clk 0:02:56]} 88. Rg5 {
[%clk 0:01:50]} 88... Rh3 {[%clk 0:03:21]} 89. Rf5 {[%clk 0:01:54]} 89... Be7 {
[%clk 0:03:27]} 90. Re5 {[%clk 0:00:54]} 90... Bc5 {[%clk 0:03:42]} 91. Re6+ {
[%clk 0:01:14]} 91... Bd6 {[%clk 0:04:07]} 0-1

[Event "DEM U16 2018"]
[Site "Willingen GER"]
[Date "2018.05.20"]
[Round "1"]
[White "Biastoch, Bennet"]
[Black "Lange, Jannis"]
[Result "1-0"]
[Termination "normal"]
[Board "13"]
[WhiteElo "2173"]
[BlackElo "1919"]
[WhiteClock "00:06:55"]
[BlackClock "00:05:41"]
[PlyCount "69"]
[WhiteFideId "12939889"]
[BlackFideId "12993107"]
[EventCountry "GER"]
[EventRounds "9"]
[EventType "swiss"]
[EventDate "2018.05.19"]

1. e4 {[%clk 1:30:57]} 1... c5 {[%clk 1:30:54]} 2. Nf3 {[%clk 1:31:22]} 2...
Nc6 {[%clk 1:31:05]} 3. d4 {[%clk 1:31:46]} 3... cxd4 {[%clk 1:31:25]} 4. Nxd4
{[%clk 1:32:09]} 4... Nf6 {[%clk 1:31:47]} 5. Nc3 {[%clk 1:32:32]} 5... e5 {
[%clk 1:32:07]} 6. Ndb5 {[%clk 1:32:41]} 6... d6 {[%clk 1:32:12]} 7. Bg5 {
[%clk 1:32:55]} 7... a6 {[%clk 1:31:41]} 8. Na3 {[%clk 1:33:13]} 8... b5 {
[%clk 1:31:43]} 9. Nd5 {[%clk 1:33:05]} 9... Be7 {[%clk 1:30:05]} 10. Bxf6 {
[%clk 1:33:06]} 10... Bxf6 {[%clk 1:30:21]} 11. c3 {[%clk 1:32:43]} 11... Rb8 {
[%clk 1:29:28]} 12. Nc2 {[%clk 1:31:25]} 12... Bg5 {[%clk 1:28:46]} 13. g3 {
[%clk 1:22:56]} 13... O-O {[%clk 1:26:13]} 14. h4 {[%clk 1:19:33]} 14... Bh6 {
[%clk 1:26:22]} 15. Bg2 {[%clk 1:18:56]} 15... Be6 {[%clk 1:18:25]} 16. O-O {
[%clk 1:09:39]} 16... a5 {[%clk 1:06:29]} 17. a3 {[%clk 0:57:31]} 17... Bxd5 {
[%clk 0:54:23]} 18. Qxd5 {[%clk 0:57:24]} 18... Qb6 {[%clk 0:52:34]} 19. Rfd1 {
[%clk 0:50:05]} 19... Rfd8 {[%clk 0:52:13]} 20. Rd3 {[%clk 0:41:42]} 20... Ne7
{[%clk 0:31:43]} 21. Qb3 {[%clk 0:38:21]} 21... Qc5 {[%clk 0:31:05]} 22. Ne3 {
[%clk 0:28:45]} 22... Bxe3 {[%clk 0:30:19]} 23. Rxe3 {[%clk 0:27:25]} 23... Qc4
{[%clk 0:26:10]} 24. Qc2 {[%clk 0:25:54]} 24... Nc6 {[%clk 0:22:31]} 25. Qd2 {
[%clk 0:21:30]} 25... Rb6 {[%clk 0:12:06]} 26. Rd3 {[%clk 0:19:19]} 26... Ne7 {
[%clk 0:11:49]} 27. Qe3 {[%clk 0:16:58]} 27... Qc7 {[%clk 0:09:24]} 28. Rad1 {
[%clk 0:14:15]} 28... b4 {[%clk 0:06:34]} 29. axb4 {[%clk 0:07:27]} 29... axb4
{[%clk 0:06:25]} 30. cxb4 {[%clk 0:07:20]} 30... Rxb4 {[%clk 0:06:17]} 31. Rc3
{[%clk 0:05:58]} 31... Qb8 {[%clk 0:06:07]} 32. b3 {[%clk 0:05:58]} 32... Rb6 {
[%clk 0:05:25]} 33. Rdc1 {[%clk 0:06:11]} 33... Rc8 {[%clk 0:05:17]} 34. Rxc8+
{[%clk 0:06:32]} 34... Nxc8 {[%clk 0:05:41]} 35. Rxc8+ {[%clk 0:06:55]} 1-0

[Event "DEM U16 2018"]
[Site "Willingen GER"]
[Date "2018.05.20"]
[Round "1"]
[White "Woithe, Daniel"]
[Black "Baltic, Fatih"]
[Result "1/2-1/2"]
[Termination "normal"]
[Board "14"]
[BlackTitle "FM"]
[WhiteElo "1894"]
[BlackElo "2135"]
[WhiteClock "00:31:29"]
[BlackClock "00:37:49"]
[PlyCount "48"]
[WhiteFideId "16244648"]
[BlackFideId "12979090"]
[EventCountry "GER"]
[EventRounds "9"]
[EventType "swiss"]
[EventDate "2018.05.19"]

1. e4 {[%clk 1:30:59]} 1... e5 {[%clk 1:30:11]} 2. Nf3 {[%clk 1:31:21]} 2...
Nc6 {[%clk 1:30:35]} 3. Bb5 {[%clk 1:31:48]} 3... a6 {[%clk 1:30:57]} 4. Ba4 {
[%clk 1:32:14]} 4... d6 {[%clk 1:31:22]} 5. d4 {[%clk 1:23:57]} 5... Bd7 {
[%clk 1:31:26]} 6. dxe5 {[%clk 1:19:26]} 6... Nxe5 {[%clk 1:22:49]} 7. Bxd7+ {
[%clk 1:19:47]} 7... Qxd7 {[%clk 1:22:59]} 8. Nxe5 {[%clk 1:16:50]} 8... dxe5 {
[%clk 1:23:27]} 9. Qxd7+ {[%clk 1:16:55]} 9... Kxd7 {[%clk 1:23:50]} 10. Be3 {
[%clk 1:16:53]} 10... Nf6 {[%clk 1:23:32]} 11. f3 {[%clk 1:14:53]} 11... Kc6 {
[%clk 1:18:40]} 12. Nd2 {[%clk 0:56:46]} 12... Bc5 {[%clk 1:17:07]} 13. Nc4 {
[%clk 0:53:30]} 13... Bxe3 {[%clk 1:07:07]} 14. Nxe3 {[%clk 0:53:43]} 14...
Rad8 {[%clk 1:06:33]} 15. Ke2 {[%clk 0:53:40]} 15... b5 {[%clk 1:02:50]} 16.
Rhd1 {[%clk 0:50:50]} 16... g6 {[%clk 1:02:08]} 17. c3 {[%clk 0:45:56]} 17...
h5 {[%clk 0:59:09]} 18. h4 {[%clk 0:43:50]} 18... Kc5 {[%clk 0:47:42]} 19. b4+
{[%clk 0:42:30]} 19... Kc6 {[%clk 0:46:42]} 20. Rxd8 {[%clk 0:42:22]} 20...
Rxd8 {[%clk 0:47:03]} 21. a4 {[%clk 0:37:25]} 21... Kb7 {[%clk 0:42:08]} 22. a5
{[%clk 0:30:53]} 22... c6 {[%clk 0:37:52]} 23. Rd1 {[%clk 0:31:13]} 23... Rxd1
{[%clk 0:37:49]} 24. Kxd1 {[%clk 0:31:29]} 24... Kc7 1/2-1/2

[Event "DEM U16 2018"]
[Site "Willingen GER"]
[Date "2018.05.20"]
[Round "2"]
[White "Kuznecovs, Nikita"]
[Black "Engel, Luis"]
[Result "1/2-1/2"]
[Termination "normal"]
[Board "1"]
[WhiteElo "2266"]
[BlackElo "2461"]
[WhiteClock "00:03:26"]
[BlackClock "00:09:44"]
[PlyCount "83"]
[WhiteFideId "11604557"]
[BlackFideId "12961523"]
[EventCountry "GER"]
[EventRounds "9"]
[EventType "swiss"]
[EventDate "2018.05.19"]

1. d4 {[%clk 1:30:57]} 1... Nf6 {[%clk 1:30:55]} 2. Bf4 {[%clk 1:31:22]} 2...
d5 {[%clk 1:31:20]} 3. e3 {[%clk 1:31:47]} 3... c5 {[%clk 1:31:45]} 4. c3 {
[%clk 1:32:14]} 4... Nc6 {[%clk 1:32:10]} 5. Nd2 {[%clk 1:32:40]} 5... e6 {
[%clk 1:32:33]} 6. Ngf3 {[%clk 1:33:06]} 6... cxd4 {[%clk 1:32:55]} 7. exd4 {
[%clk 1:33:32]} 7... Nh5 {[%clk 1:33:14]} 8. Be3 {[%clk 1:33:58]} 8... Bd6 {
[%clk 1:33:36]} 9. Ne5 {[%clk 1:34:23]} 9... g6 {[%clk 1:33:55]} 10. g4 { [%clk
1:34:49]} 10... Ng7 {[%clk 1:34:00]} 11. h4 {[%clk 1:35:11]} 11... h5 { [%clk
1:33:13]} 12. Ndf3 {[%clk 1:35:36]} 12... hxg4 {[%clk 1:20:32]} 13. Nxg4 {[%clk
1:36:00]} 13... Nf5 {[%clk 1:19:16]} 14. Bg5 {[%clk 1:36:05]} 14... Be7 {[%clk
1:19:35]} 15. Bxe7 {[%clk 1:22:55]} 15... Qxe7 {[%clk 1:20:00]} 16. Bd3 {[%clk
1:23:01]} 16... Bd7 {[%clk 1:14:51]} 17. Kd2 {[%clk 1:00:20]} 17... Nxh4 {[%clk
1:07:30]} 18. Nxh4 {[%clk 1:00:32]} 18... Rxh4 {[%clk 1:07:53]} 19. Qf3 {[%clk
0:48:58]} 19... O-O-O {[%clk 1:03:41]} 20. Rxh4 {[%clk 0:48:35]} 20... Qxh4
{[%clk 1:04:02]} 21. Rh1 {[%clk 0:41:18]} 21... Qg5+ {[%clk 1:04:05]} 22. Ne3
{[%clk 0:35:55]} 22... Be8 {[%clk 0:56:13]} 23. Bb5 {[%clk 0:27:38]} 23... Ne5
{[%clk 0:43:24]} 24. dxe5 {[%clk 0:26:48]} 24... Bxb5 {[%clk 0:43:48]} 25. Qxf7
{[%clk 0:26:45]} 25... d4 {[%clk 0:43:20]} 26. Qxe6+ {[%clk 0:26:45]} 26... Bd7
{[%clk 0:43:39]} 27. Qc4+ {[%clk 0:25:16]} 27... Bc6 {[%clk 0:44:03]} 28. cxd4
{[%clk 0:25:19]} 28... Kb8 {[%clk 0:40:36]} 29. Rh7 {[%clk 0:18:07]} 29... Qxe5
{[%clk 0:34:39]} 30. Kc3 {[%clk 0:15:17]} 30... Qa5+ {[%clk 0:33:39] } 31. b4
{[%clk 0:15:06]} 31... Qa3+ {[%clk 0:32:46]} 32. Kd2 {[%clk 0:15:26]} 32...
Qb2+ {[%clk 0:28:43]} 33. Nc2 {[%clk 0:15:50]} 33... a6 {[%clk 0:27:16]} 34.
Rg7 {[%clk 0:09:36]} 34... Rd5 {[%clk 0:20:09]} 35. Rxg6 {[%clk 0:08:21]} 35...
Rf5 {[%clk 0:20:22]} 36. f4 {[%clk 0:06:56]} 36... Be4 {[%clk 0:10:19]} 37.
Rg8+ {[%clk 0:03:58]} 37... Ka7 {[%clk 0:10:47]} 38. Qb3 {[%clk 0:04:02]} 38...
Qxb3 {[%clk 0:10:27]} 39. axb3 {[%clk 0:04:30]} 39... Rxf4 { [%clk 0:10:24]}
40. Ne3 {[%clk 0:02:57]} 40... Rf2+ {[%clk 0:09:55]} 41. Kc3 { [%clk 0:03:01]}
41... Rf3 {[%clk 0:09:44]} 42. Kd2 {[%clk 0:03:26]} 1/2-1/2